000 00833nam a2200265Ia 4500
003 OSt
005 20220623153401.0
008 210716s2007 xx 000 0 und d
020 _a9788126514151
040 _cAIMIT LIBRARY
041 _aeng
082 _a511.42
_21
_bYANW
100 _aYang, Won Young.
_944722
245 _aApplied numerical methods using matlab /
_cBy Won Young Yang...[et.al.]
250 _a1st ed.
260 _aNew Delhi :
_bWiley India Pvt Ltd ,
_c2007.
300 _axiv, 509p. ;
_c23 cm.
650 _aMatlab usage and computational errors
_944723
650 _aSystem of linear equations
_944724
650 _aInterpolation and curve fitting
_944725
700 _aCao, Wenwu.
_944726
700 _aChung, Tae Sang.
_944727
700 _aMorris John.
_944728
942 _2ddc
_cBK
_e1st
_k511.42 YANW
999 _c189307
_d189307